书目信息 |
| 题名: |
病理学
|
|
| 作者: | ;中国人民解放军总后勤部卫生部 编 | |
| 分册: | ||
| 出版信息: | 北京 中国人民解放军战士生出版社 1980 |
|
| 页数: | 251页 | |
| 开本: | 19cm | |
| 丛书名: | ||
| 单 册: | ||
| 中图分类: | R36 | |
| 科图分类: | ||
| 主题词: | 病理学 , 病理学 | |
| 电子资源: | ||
| ISBN: | ||
| 000 | 00730nam0 2200241 450098 | |
| 001 | 0634901421 | |
| 005 | 20070724102808.79 | |
| 100 | @a19981223d1980 y0chiy0121 ea | |
| 101 | 0 | @achi |
| 102 | @aCN@b110000 | |
| 105 | @ay z 000yy | |
| 106 | @ar | |
| 200 | 10 | @a病理学@f中国人民解放军总后勤部卫生部编@Fzhong guo ren min jie fang jun zong hou qin bu wei sheng bu bian |
| 205 | @a2版 | |
| 210 | @a北京@c中国人民解放军战士生出版社@d1980 | |
| 215 | @a251页@d19cm | |
| 300 | @a护士教材 | |
| 606 | @a病理学 | |
| 606 | 0 | @a病理学 |
| 690 | @aR36@v3 | |
| 711 | 02 | @a中国人民解放军总后勤部卫生部@Azhong guo ren min jie fang jun zong hou qin bu wei sheng bu@4编 |
| 801 | 0 | @aCN@b上海图书馆 @c20070724 |
| 905 | @a10447@dR36@e182=2 | |
| 病理学/中国人民解放军总后勤部卫生部编.-2版.-北京:中国人民解放军战士生出版社,1980 |
| 251页;19cm |
| 护士教材 |
| ISBN : |
| ● |
| 相关链接 |
|
|
|
|
正题名:病理学
索取号:R36/182=2
 
预约/预借
| 序号 | 登录号 | 条形码 | 馆藏地/架位号 | 状态 | 备注 |
| 1 | 0767051 | 207670518 | 第二样本阅览室/ [索取号:R36/182=2] | 在馆 |